00628nam a2200169 a 450000100100000000500170001000800410002704000250006808200140009310000290010724500570013626000530019330000200024659000620026695201130032899900170044100002977120200930055807.0110425s1996 dr 000 p spa d aDO-SdBNPbspacBNPHU axxxbP4381 aPérez, Norvo A.93843210aIdeario emocional :b(poemario) /cNorvo A. Pérez. aSanto Domingo :bEditorial Santo Domingo,c1996. a31 p. ;c17 cm. aLa biblioteca posee 1 ejemplar autografiado por el autor. 00107-18PDaPDbPDcOId2011-04-25iLF1l0oxxx P438p29771-10r2020-06-25w2020-06-25yLFPDZNo se presta c29263d29263